| 000 | 00754nam a2200229 a 4500 | ||
|---|---|---|---|
| 001 | 000013753 | ||
| 005 | 20240307073945.0 | ||
| 008 | 091130s1981 dr a 001 0 spa d | ||
| 040 |
_aDO-SdBNP _bspa _cBNPHU |
||
| 082 |
_axxx _bM294p |
||
| 245 | 0 | 0 |
_aManual de prácticas de fisiología / _cMariano Estrada Muñoz... [et al]. |
| 260 |
_aSanto Domingo : _bUASD, _c1981. |
||
| 300 |
_a138 p. : _bil. ; _c21 cm. |
||
| 504 | _aIncluye referencias [p. 138] | ||
| 700 | 1 |
_aEstrada Muñoz, Mariano _925903 |
|
| 700 | 1 |
_aMarte Bell, Miguel _931217 |
|
| 700 | 1 |
_aNúñez Musa, Rodolfo _925905 |
|
| 700 | 1 |
_aPeña Vasallo, Francisco _931218 |
|
| 700 | 1 |
_aTejeda Aracena, Angel _931219 |
|
| 049 | _aBNPD | ||
| 710 | 1 |
_aUniversidad Autónoma de Santo Domingo _972951 |
|
| 999 |
_c13366 _d13366 |
||